<?xml version="1.0" encoding="UTF-8"?>
<record
    xmlns:xsi="http://www.w3.org/2001/XMLSchema-instance"
    xsi:schemaLocation="http://www.loc.gov/MARC21/slim http://www.loc.gov/standards/marcxml/schema/MARC21slim.xsd"
    xmlns="http://www.loc.gov/MARC21/slim">

  <leader>01516nam2a22003131  4500</leader>
  <controlfield tag="001">v19\rc\1374001</controlfield>
  <controlfield tag="005">20250618085013.0</controlfield>
  <datafield tag="035" ind1=" " ind2=" ">
    <subfield code="a">(NLR Aleph) 004511253</subfield>
  </datafield>
  <datafield tag="090" ind1=" " ind2=" ">
    <subfield code="a">4772276</subfield>
    <subfield code="c">4772276</subfield>
  </datafield>
  <datafield tag="100" ind1=" " ind2=" ">
    <subfield code="a">20060512d1897    |||y0rusy50      ca</subfield>
  </datafield>
  <datafield tag="101" ind1="0" ind2=" ">
    <subfield code="a">rus</subfield>
  </datafield>
  <datafield tag="102" ind1=" " ind2=" ">
    <subfield code="a">RU</subfield>
  </datafield>
  <datafield tag="105" ind1=" " ind2=" ">
    <subfield code="a">y   z   |||||</subfield>
  </datafield>
  <datafield tag="200" ind1="0" ind2=" ">
    <subfield code="a">&#x422;. 5. 1725 &#x433;.</subfield>
  </datafield>
  <datafield tag="210" ind1=" " ind2=" ">
    <subfield code="d">1897</subfield>
    <subfield code="a">&#x411;. &#x43C;.</subfield>
  </datafield>
  <datafield tag="215" ind1=" " ind2=" ">
    <subfield code="a">94 &#x441;., 1256 &#x441;&#x442;&#x431;. &#x440;&#x430;&#x437;&#x434;. &#x43F;&#x430;&#x433;.</subfield>
  </datafield>
  <datafield tag="461" ind1=" " ind2="0">
    <subfield code="1">001v19\rc\1373995</subfield>
    <subfield code="1">2001#$a&#x41E;&#x43F;&#x438;&#x441;&#x430;&#x43D;&#x438;&#x435; &#x434;&#x43E;&#x43A;&#x443;&#x43C;&#x435;&#x43D;&#x442;&#x43E;&#x432; &#x438; &#x434;&#x435;&#x43B;, &#x445;&#x440;&#x430;&#x43D;&#x44F;&#x449;&#x438;&#x445;&#x441;&#x44F; &#x432; &#x430;&#x440;&#x445;&#x438;&#x432;&#x435; &#x421;&#x432;&#x44F;&#x442;&#x435;&#x439;&#x448;&#x435;&#x433;&#x43E; &#x43F;&#x440;&#x430;&#x432;&#x438;&#x442;&#x435;&#x43B;&#x44C;&#x441;&#x442;&#x432;&#x443;&#x44E;&#x449;&#x435;&#x433;&#x43E; &#x441;&#x438;&#x43D;&#x43E;&#x434;&#x430;$f[&#x421;&#x43E;&#x441;&#x442;. &#x41A;&#x43E;&#x43C;&#x438;&#x441;. &#x434;&#x43B;&#x44F; &#x440;&#x430;&#x437;&#x431;&#x43E;&#x440;&#x430; &#x438; &#x43E;&#x43F;&#x438;&#x441;&#x430;&#x43D;&#x438;&#x44F; &#x430;&#x440;&#x445;&#x438;&#x432;&#x430; &#x421;&#x432;&#x44F;&#x442;&#x435;&#x439;&#x448;&#x435;&#x433;&#x43E; &#x43F;&#x440;&#x430;&#x432;&#x438;&#x442;&#x435;&#x43B;&#x44C;&#x441;&#x442;&#x432;&#x443;&#x44E;&#x449;&#x435;&#x433;&#x43E; &#x441;&#x438;&#x43D;&#x43E;&#x434;&#x430;]$v&#x422;. 5. 1725 &#x433;.</subfield>
    <subfield code="9">4772219</subfield>
    <subfield code="a">&#x420;&#x43E;&#x441;&#x441;&#x438;&#x44F;. &#x421;&#x438;&#x43D;&#x43E;&#x434;</subfield>
    <subfield code="c">&#x421;&#x430;&#x43D;&#x43A;&#x442;-&#x41F;&#x435;&#x442;&#x435;&#x440;&#x431;&#x443;&#x440;&#x433;</subfield>
    <subfield code="d">1868-1914</subfield>
    <subfield code="f">[&#x421;&#x43E;&#x441;&#x442;. &#x41A;&#x43E;&#x43C;&#x438;&#x441;. &#x434;&#x43B;&#x44F; &#x440;&#x430;&#x437;&#x431;&#x43E;&#x440;&#x430; &#x438; &#x43E;&#x43F;&#x438;&#x441;&#x430;&#x43D;&#x438;&#x44F; &#x430;&#x440;&#x445;&#x438;&#x432;&#x430; &#x421;&#x432;&#x44F;&#x442;&#x435;&#x439;&#x448;&#x435;&#x433;&#x43E; &#x43F;&#x440;&#x430;&#x432;&#x438;&#x442;&#x435;&#x43B;&#x44C;&#x441;&#x442;&#x432;&#x443;&#x44E;&#x449;&#x435;&#x433;&#x43E; &#x441;&#x438;&#x43D;&#x43E;&#x434;&#x430;]. &#x422;. 1</subfield>
    <subfield code="t">&#x41E;&#x43F;&#x438;&#x441;&#x430;&#x43D;&#x438;&#x435; &#x434;&#x43E;&#x43A;&#x443;&#x43C;&#x435;&#x43D;&#x442;&#x43E;&#x432; &#x438; &#x434;&#x435;&#x43B;, &#x445;&#x440;&#x430;&#x43D;&#x44F;&#x449;&#x438;&#x445;&#x441;&#x44F; &#x432; &#x430;&#x440;&#x445;&#x438;&#x432;&#x435; &#x421;&#x432;&#x44F;&#x442;&#x435;&#x439;&#x448;&#x435;&#x433;&#x43E; &#x43F;&#x440;&#x430;&#x432;&#x438;&#x442;&#x435;&#x43B;&#x44C;&#x441;&#x442;&#x432;&#x443;&#x44E;&#x449;&#x435;&#x433;&#x43E; &#x441;&#x438;&#x43D;&#x43E;&#x434;&#x430;</subfield>
    <subfield code="v">&#x422;. 5. 1725 &#x433;.</subfield>
  </datafield>
  <datafield tag="801" ind1=" " ind2="0">
    <subfield code="a">RU</subfield>
    <subfield code="b">NLR</subfield>
    <subfield code="g">psbo</subfield>
  </datafield>
  <datafield tag="801" ind1=" " ind2="0">
    <subfield code="a">RU</subfield>
    <subfield code="b">RuMoRGB</subfield>
    <subfield code="2">psbo</subfield>
  </datafield>
  <datafield tag="801" ind1=" " ind2="1">
    <subfield code="a">RU</subfield>
    <subfield code="b">ProSoft-M</subfield>
    <subfield code="2">rusmarc</subfield>
  </datafield>
  <datafield tag="852" ind1=" " ind2=" ">
    <subfield code="a">NLR</subfield>
    <subfield code="j">18.339.1.13(5)</subfield>
  </datafield>
  <datafield tag="899" ind1=" " ind2=" ">
    <subfield code="a">RuMoRGB</subfield>
    <subfield code="j">R 14/201</subfield>
  </datafield>
  <datafield tag="899" ind1=" " ind2=" ">
    <subfield code="a">&#x411;&#x410;&#x41D;</subfield>
  </datafield>
  <datafield tag="899" ind1=" " ind2=" ">
    <subfield code="a">&#x41D;&#x411; &#x421;&#x41F;&#x431;&#x413;&#x423;</subfield>
  </datafield>
  <datafield tag="899" ind1=" " ind2=" ">
    <subfield code="a">&#x413;&#x41F;&#x418;&#x411;</subfield>
  </datafield>
  <datafield tag="899" ind1=" " ind2=" ">
    <subfield code="a">&#x41D;&#x411; &#x41C;&#x413;&#x423;</subfield>
  </datafield>
  <datafield tag="942" ind1=" " ind2=" ">
    <subfield code="c">BOOK</subfield>
  </datafield>
  <datafield tag="980" ind1=" " ind2=" ">
    <subfield code="a">NB</subfield>
  </datafield>
  <datafield tag="995" ind1=" " ind2=" ">
    <subfield code="5">2013-10-26</subfield>
    <subfield code="b">NLR02</subfield>
    <subfield code="c">NLR02</subfield>
    <subfield code="e">RFS</subfield>
    <subfield code="f">4511253-10</subfield>
    <subfield code="k">18.339.1.13(5)</subfield>
    <subfield code="o">0</subfield>
    <subfield code="r">BOOK</subfield>
    <subfield code="s">183391135_</subfield>
  </datafield>
  <datafield tag="995" ind1=" " ind2=" ">
    <subfield code="5">2025-05-05</subfield>
    <subfield code="a">ab</subfield>
    <subfield code="b">NLR02</subfield>
    <subfield code="c">NLR02</subfield>
    <subfield code="e">OR02</subfield>
    <subfield code="f">1-4819778</subfield>
    <subfield code="k">&#x41E;&#x420;&#x43F; &#x422;3(2)46,011/&#x421;-386/5</subfield>
    <subfield code="o">0</subfield>
    <subfield code="r">BOOK</subfield>
    <subfield code="s">_32460113865</subfield>
    <subfield code="v">2015</subfield>
  </datafield>
</record>
